000 00443cam a2200169ua 4500
041 _aeng
_h
082 _a823.301
_bCHA/AT
100 _aChaucer, Geoffrey .
245 _aStories from the canterbury tales /
_cGeoffrey Chaucer.
_hTextual Documents
250 _a1 /
_b.
260 _aLondon :
_bE J Arnold & Son Ltd ,
_c1962.
300 _a96 ; .
504 _a
700 1 _aPageant, Chaucer A .
942 _cBK
999 _c11971
_d11971